000
00327nam a2200109Ia 4500
008
160531s9999 xx 000 0 und d
100
_a
McMurry, John E.
245
_a
Organic Chemistry With Biological Applications
245
_c
By:John E. McMurry
260
_c
2014
856
_u
http://file.ebook777.com/012/OrgCheWitBioApp.pdf
999
_c
295060
_d
295060